[Event "2. Bundesliga Mitte 2010/11"]
[Site "Gleisdorf"]
[Date "2010.10.16"]
[Round "1"]
[Board "5"]
[White "Hartl, Daniel"]
[Black "Schriebl, Alexander"]
[Result "1/2-1/2"]
[WhiteElo "2233"]
[BlackElo "2072"]
[PlyCount "127"]
[EventDate "2010.10.16"]
[EventType "team"]
[EventRounds "11"]
[EventCountry "AUT"]
[WhiteTeam "SK MPOE Maria Saal"]
[BlackTeam "UNION Styria Graz Kleine Zeitung"]

1.e4 d5 2.exd5 Qxd5 3.Nc3 Qa5 4.d4 Nf6 5.Nf3 Bf5 6.Bd2 Qb6 7.Bc4 e6 8.Qe2 c6
9.O-O Be7 10.Bb3 O-O 11.h3 Bb4 12.a3 Bxc3 13.Bxc3 Be4 14.Nd2 Bd5 15.Bb4 Bxb3
16.Bxf8 Bxc2 17.Bc5 Qd8 18.Rac1 Bg6 19.Nf3 Na6 20.Ne5 Be4 21.g4 Bd5 22.f4 Ne4
23.Kh2 Qh4 24.Qe1 Qd8 25.Rc2 f5 26.gxf5 exf5 27.Rg1 Nc7 28.Qb4 Qh4 29.Nd3 Nxc5
30.dxc5 Rb8 31.Re2 Ne6 32.Qc3 Qh6 33.Rf2 Rf8 34.Qe5 Be4 35.Nc1 Bd5 36.b4 Qh4
37.Rg3 a6 38.Ne2 g6 39.Nd4 Ng7 40.Nf3 Bxf3 41.Rgxf3 Re8 42.Qb2 Re4 43.Qd2 Nh5
44.Re2 Rxf4 45.Rxf4 Nxf4 46.Re8+ Kg7 47.Qc3+ Kf7 48.Qe3 Qg5 49.Re7+ Qxe7 50.Qxf4
Qe2+ 51.Kg1 Qe1+ 52.Kh2 Kf6 53.Qd6+ Qe6 54.Qf8+ Kg5 55.Qd8+ Kh5 56.Qc7 Qe2+
57.Kg3 Qe3+ 58.Kg2 h6 59.Qxb7 Qe4+ 60.Kf2 Qc2+ 61.Kf3 Qd3+ 62.Kg2 Qe2+ 63.Kg3
Qe3+ 64.Kg2 1/2-1/2

[Event "2. Bundesliga Mitte 2010/11"]
[Site "Gleisdorf"]
[Date "2010.10.16"]
[Round "1"]
[Board "6"]
[White "Legenstein, Robert"]
[Black "Ertl, Johann"]
[Result "0-1"]
[WhiteElo "2077"]
[BlackElo "2280"]
[PlyCount "94"]
[EventDate "2010.10.16"]
[EventType "team"]
[EventRounds "11"]
[EventCountry "AUT"]
[WhiteTeam "UNION Styria Graz Kleine Zeitung"]
[BlackTeam "SK MPOE Maria Saal"]

1.e4 e6 2.d4 d5 3.Nc3 Bb4 4.e5 Ne7 5.a3 Bxc3+ 6.bxc3 c5 7.Qg4 Qc7 8.Qxg7 Rg8
9.Qxh7 cxd4 10.Ne2 Nbc6 11.f4 dxc3 12.Qd3 d4 13.Ng3 Bd7 14.Ne4 O-O-O 15.Nd6+ Kb8
16.Rb1 Bc8 17.Nxf7 Rdf8 18.Nd6 Nf5 19.Nxf5 Rxf5 20.g3 Rh5 21.Be2 Rh3 22.O-O Ne7
23.Qc4 Qd7 24.Bd3 b6 25.a4 Bb7 26.a5 Rgh8 27.axb6 Rxh2 28.Qc7+ Qxc7 29.bxc7+
Kxc7 30.Rxb7+ Kxb7 31.Be4+ Kc7 32.g4 R2h4 33.Bf3 Rg8 34.Rd1 Rhxg4+ 35.Bxg4 Rxg4+
36.Kf2 Nf5 37.Rd3 Rh4 38.Kg2 Kc6 39.Rh3 Rxh3 40.Kxh3 Kd5 41.Kg4 a5 42.Kg5 a4
43.Kf6 Ne3 44.Kf7 Nc4 45.Kf6 a3 46.Bxa3 Nxa3 47.f5 Nb5 0-1

[Event "2. Bundesliga Mitte 2010/11"]
[Site "Gleisdorf"]
[Date "2010.10.16"]
[Round "1"]
[Board "1"]
[White "Freitag, Manfred"]
[Black "Flumbort, Andras"]
[Result "1/2-1/2"]
[WhiteElo "2382"]
[BlackElo "2550"]
[PlyCount "93"]
[EventDate "2010.10.16"]
[EventType "team"]
[EventRounds "11"]
[EventCountry "AUT"]
[WhiteTeam "ESV Austria Graz"]
[BlackTeam "ASK St. Valentin"]

1.d4 Nf6 2.c4 g6 3.Nc3 d5 4.cxd5 Nxd5 5.e4 Nxc3 6.bxc3 Bg7 7.Be3 c5 8.Qd2 Qa5
9.Rc1 O-O 10.Nf3 cxd4 11.cxd4 Qxd2+ 12.Nxd2 Rd8 13.d5 e6 14.Bc4 exd5 15.Bxd5 Nc6
16.Rb1 Nd4 17.Bxd4 Bxd4 18.Nf3 Bb6 19.Ne5 Be6 20.Nc4 Bxd5 21.exd5 Rxd5 22.O-O
Bd4 23.Rxb7 Rc8 24.Ne3 Ra5 25.Rd7 Ra4 26.h3 h5 27.Rd1 Bxe3 28.fxe3 Rxa2 29.Rf1
Rf8 30.Rc1 a5 31.Rcc7 a4 32.Ra7 a3 33.Rd3 Rc8 34.Rdxa3 Rc1+ 35.Kh2 Re2 36.Ra2
Ree1 37.h4 Rh1+ 38.Kg3 Rc4 39.Rf2 Rg4+ 40.Kf3 Rhxh4 41.Ke2 f5 42.Kf3 Ra4 43.Rd7
Rhe4 44.Rc2 Rac4 45.Rb2 Rb4 46.Ra2 Ra4 47.Rc2 1/2-1/2

[Event "2. Bundesliga Mitte 2010/11"]
[Site "Gleisdorf"]
[Date "2010.10.16"]
[Round "1"]
[Board "2"]
[White "Gonda, Laszlo"]
[Black "Karner, Christoph"]
[Result "0-1"]
[WhiteElo "2550"]
[BlackElo "2322"]
[PlyCount "94"]
[EventDate "2010.10.16"]
[EventType "team"]
[EventRounds "11"]
[EventCountry "AUT"]
[WhiteTeam "ASK St. Valentin"]
[BlackTeam "ESV Austria Graz"]

1.d4 Nf6 2.c4 g6 3.Nc3 Bg7 4.e4 d6 5.Nf3 O-O 6.Be2 Na6 7.O-O e5 8.Re1 Qe8 9.Bg5
Bg4 10.h3 Bxf3 11.Bxf3 exd4 12.Qxd4 Nd7 13.Qd2 Ne5 14.Be2 Nc5 15.Bf1 f6 16.Be3
Qf7 17.b3 Nc6 18.Rad1 a5 19.f4 Rfe8 20.Bf2 Rad8 21.Qc1 Bh6 22.g3 g5 23.Be3 Kh8
24.Bg2 Ne6 25.fxg5 Bxg5 26.Rf1 Qg7 27.Nd5 Rf8 28.h4 Bxe3+ 29.Qxe3 Rde8 30.Bh3
Nc5 31.Rf4 Ne5 32.Rdf1 Ng6 33.Rxf6 Rxe4 34.Rxf8+ Nxf8 35.Qf3 Ng6 36.h5 Ne5
37.Qf8+ Qxf8 38.Rxf8+ Kg7 39.Rc8 Re1+ 40.Kg2 c6 41.Rc7+ Kh6 42.Nf4 Ra1 43.Bf5
Kg5 44.Bxh7 Rxa2+ 45.Kf1 Kg4 46.h6 Kf3 47.Ke1 Nxb3 0-1

[Event "2. Bundesliga Mitte 2010/11"]
[Site "Gleisdorf"]
[Date "2010.10.16"]
[Round "1"]
[Board "3"]
[White "Kotz, Heinz Peter"]
[Black "Sandhoefner, Florian"]
[Result "1-0"]
[WhiteElo "2330"]
[BlackElo "2243"]
[PlyCount "83"]
[EventDate "2010.10.16"]
[EventType "team"]
[EventRounds "11"]
[EventCountry "AUT"]
[WhiteTeam "ESV Austria Graz"]
[BlackTeam "ASK St. Valentin"]

1.Nf3 d5 2.g3 Nf6 3.Bg2 c6 4.O-O Bg4 5.d3 Nbd7 6.Nbd2 e5 7.e4 dxe4 8.dxe4 Bc5
9.Qe2 O-O 10.Nc4 Qe7 11.Ne3 Be6 12.Ng5 Rad8 13.a4 Nb8 14.Nxe6 Qxe6 15.c3 Rd7
16.b4 Bb6 17.Nc4 Bc7 18.Be3 b6 19.b5 Rfd8 20.Bg5 Rd3 21.Ne3 Rxc3 22.Rac1 Rxc1
23.Rxc1 Rd4 24.Bxf6 Qxf6 25.bxc6 Rxa4 26.Qg4 Qe6 27.Qg5 h6 28.Qh5 Nxc6 29.Bh3
Qe8 30.Qd1 Rd4 31.Qc2 Rd6 32.Nf5 Rf6 33.Qa4 Bd8 34.Bf1 Qe6 35.Bc4 Qd7 36.Bb5 a5
37.Bxc6 Qa7 38.Bd5 b5 39.Qxb5 Bb6 40.Qe8+ Kh7 41.Ne7 Bxf2+ 42.Kg2 1-0

[Event "2. Bundesliga Mitte 2010/11"]
[Site "Gleisdorf"]
[Date "2010.10.16"]
[Round "1"]
[Board "4"]
[White "Kranzl, Peter"]
[Black "Fahrner, Kurt"]
[Result "0-1"]
[WhiteElo "2256"]
[BlackElo "2314"]
[PlyCount "116"]
[EventDate "2010.10.16"]
[EventType "team"]
[EventRounds "11"]
[EventCountry "AUT"]
[WhiteTeam "ASK St. Valentin"]
[BlackTeam "ESV Austria Graz"]

1.e4 g6 2.d4 Bg7 3.Nc3 d6 4.g3 Nc6 5.Be3 e5 6.dxe5 Nxe5 7.h3 Be6 8.f4 Nc4 9.Bd4
Nxb2 10.Bxg7 Nxd1 11.Rxd1 f6 12.Bxh8 Qe7 13.g4 O-O-O 14.Nge2 c6 15.Bg2 Nh6
16.Bxf6 Qxf6 17.g5 Qe7 18.gxh6 Qh4+ 19.Kd2 b5 20.a3 a5 21.Rdf1 Bc4 22.Rf3 b4
23.axb4 axb4 24.Nd1 Re8 25.Nf2 d5 26.e5 Qxh6 27.Ng4 Qh4 28.Re1 c5 29.Ng3 Kc7
30.Ne3 Rxe5 31.Nxc4 Rxe1 32.Kxe1 dxc4 33.Ke2 Qf6 34.c3 b3 35.Ne4 Qf5 36.Rf1 Qd7
37.Rd1 Qa4 38.Nd2 Qa5 39.Bd5 Qxc3 40.Bxc4 b2 41.Bd3 Qf6 42.Rb1 Qxf4 43.Kd1 Qa4+
44.Ke2 Qh4 45.Rxb2 Qh5+ 46.Kf2 Qxh3 47.Be4 Qh2+ 48.Kf3 Kd8 49.Rc2 Ke7 50.Nc4
Qh1+ 51.Kf4 Qf1+ 52.Kg3 g5 53.Bxh7 Qf4+ 54.Kg2 Qg4+ 55.Kf1 Qh3+ 56.Kf2 Qxh7
57.Ne3 Qh4+ 58.Ke2 Qh5+ 0-1

[Event "2. Bundesliga Mitte 2010/11"]
[Site "Gleisdorf"]
[Date "2010.10.16"]
[Round "1"]
[Board "5"]
[White "Ebner, Hubert"]
[Black "Trauner, Rudolf"]
[Result "1-0"]
[WhiteElo "2199"]
[BlackElo "2222"]
[PlyCount "81"]
[EventDate "2010.10.16"]
[EventType "team"]
[EventRounds "11"]
[EventCountry "AUT"]
[WhiteTeam "ESV Austria Graz"]
[BlackTeam "ASK St. Valentin"]

1.d4 Nf6 2.c4 e6 3.Nf3 d5 4.g3 Be7 5.Bg2 O-O 6.O-O c6 7.Qc2 Nbd7 8.Nbd2 Re8
9.Rd1 Bf8 10.e4 dxe4 11.Nxe4 Nxe4 12.Qxe4 Nf6 13.Qc2 Qa5 14.Bg5 h6 15.Be3 Bd7
16.Ne5 Red8 17.a3 Be8 18.Qe2 Rac8 19.Rac1 Qa6 20.Qf3 Be7 21.h4 h5 22.Bg5 Qb6
23.Rd2 Rxd4 24.Be3 Rxd2 25.Bxb6 axb6 26.b4 Bd6 27.Qe3 Ra2 28.Qb3 Rd2 29.Nf3 Re2
30.Qd3 Ra2 31.Qxd6 Rxa3 32.Ne5 Ra2 33.Bf3 Ra7 34.Qe7 Rca8 35.Qc7 b5 36.cxb5 cxb5
37.Rd1 Ra1 38.Rxa1 Rxa1+ 39.Kg2 Rb1 40.Qe7 b6 41.Bxh5 1-0

[Event "2. Bundesliga Mitte 2010/11"]
[Site "Gleisdorf"]
[Date "2010.10.16"]
[Round "1"]
[Board "6"]
[White "Heimberger, Reinhard"]
[Black "Spindelboeck, Gernot"]
[Result "1-0"]
[WhiteElo "2302"]
[BlackElo "2224"]
[PlyCount "99"]
[EventDate "2010.10.16"]
[EventType "team"]
[EventRounds "11"]
[EventCountry "AUT"]
[WhiteTeam "ASK St. Valentin"]
[BlackTeam "ESV Austria Graz"]

1.Nf3 Nf6 2.g3 d5 3.d4 c6 4.Bg2 Bf5 5.O-O h6 6.b3 e6 7.Bb2 Nbd7 8.c4 Be7 9.Nc3
O-O 10.Re1 Ne4 11.Nd2 Nxc3 12.Bxc3 a5 13.e4 dxe4 14.Nxe4 Nf6 15.Nc5 Qc7 16.Qe2
Rad8 17.Rad1 Rfe8 18.Nd3 Bxd3 19.Rxd3 Bb4 20.Qd2 Bxc3 21.Qxc3 Rd7 22.Red1 Red8
23.h3 Qb6 24.a3 Kh8 25.R3d2 Kg8 26.Qe3 Kh8 27.f4 h5 28.Bf3 g6 29.g4 hxg4 30.hxg4
Kg8 31.f5 exf5 32.gxf5 Kg7 33.Rh2 Rh8 34.Rxh8 Kxh8 35.Kg2 Kg8 36.Qg5 Nh7 37.Qg4
Qd8 38.fxg6 fxg6 39.d5 Nf6 40.Qe6+ Kg7 41.d6 c5 42.Qe5 b6 43.Bg4 Rf7 44.d7 Rf8
45.Rd6 Kh7 46.Qe6 Kg7 47.Rxb6 a4 48.bxa4 Rf7 49.Rd6 Rf8 50.a5 {Flag!!} 1-0

[Event "2. Bundesliga Mitte 2010/11"]
[Site "Gleisdorf"]
[Date "2010.10.16"]
[Round "1"]
[Board "2"]
[White "Taggatz, Mario"]
[Black "Horvath, Tamas"]
[Result "1/2-1/2"]
[WhiteElo "2331"]
[BlackElo "2414"]
[PlyCount "57"]
[EventDate "2010.10.16"]
[EventType "team"]
[EventRounds "11"]
[EventCountry "AUT"]
[WhiteTeam "SPG Sauwald 1"]
[BlackTeam "RbEJ Gleisdorf"]

1.c4 g6 2.e4 e5 3.Nc3 Bg7 4.g3 Ne7 5.Bg2 d6 6.Nge2 Nbc6 7.d3 Be6 8.Nd5 h6 9.O-O
O-O 10.Be3 f5 11.Qd2 Kh7 12.Rab1 Qd7 13.b4 Nd8 14.b5 Nc8 15.Rb3 c6 16.bxc6 bxc6
17.exf5 gxf5 18.Ndc3 d5 19.cxd5 cxd5 20.d4 e4 21.Rfb1 Nd6 22.Nf4 Rc8 23.Qe2 Nc4
24.h4 Rc7 25.Bh3 Bf7 26.Nb5 Rb7 27.Nc3 Rc7 28.Nb5 Rb7 29.Nc3 1/2-1/2

[Event "2. Bundesliga Mitte 2010/11"]
[Site "Gleisdorf"]
[Date "2010.10.16"]
[Round "1"]
[Board "3"]
[White "Leitner, Gerald"]
[Black "Schmidt, Peter"]
[Result "1-0"]
[WhiteElo "2215"]
[BlackElo "2394"]
[PlyCount "103"]
[EventDate "2010.10.16"]
[EventType "team"]
[EventRounds "11"]
[EventCountry "AUT"]
[WhiteTeam "RbEJ Gleisdorf"]
[BlackTeam "SPG Sauwald 1"]

1.d4 d6 2.c4 e5 3.Nf3 exd4 4.Nxd4 g6 5.Nc3 Bg7 6.e4 Nf6 7.Be2 O-O 8.O-O Re8 9.f3
c6 10.Nb3 a5 11.a3 Nbd7 12.Be3 a4 13.Nc1 Nb6 14.c5 dxc5 15.Qxd8 Rxd8 16.Bxc5
Nfd7 17.Rd1 Re8 18.Bf2 Bf8 19.Nd3 Nc4 20.Rab1 Nce5 21.Nxe5 Rxe5 22.f4 Re8 23.Bf3
Nc5 24.Rd4 Ne6 25.Rxa4 Rxa4 26.Nxa4 Nxf4 27.Rd1 Bg7 28.b3 h5 29.Nc5 g5 30.Be3 h4
31.h3 Be5 32.Nd7 Bb2 33.a4 Kg7 34.Kf1 f6 35.Nc5 Be5 36.Nxb7 f5 37.exf5 Nd5
38.Bxd5 cxd5 39.Rxd5 Bg3 40.Bf2 Bxb7 41.Rd7+ Kf6 42.Rxb7 Rc8 43.Bxg3 hxg3 44.a5
Rc2 45.Rb4 Rf2+ 46.Ke1 Rxg2 47.Kf1 Rf2+ 48.Kg1 g4 49.Rxg4 Rxf5 50.a6 Ke6 51.a7
Rf8 52.Ra4 1-0

[Event "2. Bundesliga Mitte 2010/11"]
[Site "Gleisdorf"]
[Date "2010.10.16"]
[Round "1"]
[Board "4"]
[White "Hiermann, Dietmar"]
[Black "Sandner, Wolfgang"]
[Result "1/2-1/2"]
[WhiteElo "2287"]
[BlackElo "2234"]
[PlyCount "64"]
[EventDate "2010.10.16"]
[EventType "team"]
[EventRounds "11"]
[EventCountry "AUT"]
[WhiteTeam "SPG Sauwald 1"]
[BlackTeam "RbEJ Gleisdorf"]

1.e4 d6 2.d4 Nf6 3.Nc3 e5 4.Nf3 Nbd7 5.Bc4 Be7 6.O-O O-O 7.h3 c6 8.dxe5 dxe5
9.a4 b6 10.Qe2 Qc7 11.Nh4 Nc5 12.Nf5 Ne6 13.Bxe6 Bxe6 14.Nxe7+ Qxe7 15.Bg5 h6
16.Bxf6 Qxf6 17.Qe3 Qe7 18.Rfd1 Rfd8 19.Ne2 Rxd1+ 20.Rxd1 Rd8 21.Rd2 Rxd2
22.Qxd2 Qc5 23.b3 Kh7 24.Kf1 f5 25.Qc3 Qd6 26.f4 exf4 27.e5 Qd1+ 28.Kf2 f3
29.gxf3 Qh1 30.Qxc6 Qh2+ 31.Ke1 Qxe5 32.f4 Qe3 1/2-1/2

[Event "2. Bundesliga Mitte 2010/11"]
[Site "Gleisdorf"]
[Date "2010.10.16"]
[Round "1"]
[Board "5"]
[White "Horvath, Sandor"]
[Black "Kirschner, Alexander"]
[Result "1-0"]
[WhiteElo "2277"]
[BlackElo "2260"]
[PlyCount "157"]
[EventDate "2010.10.16"]
[EventType "team"]
[EventRounds "11"]
[EventCountry "AUT"]
[WhiteTeam "RbEJ Gleisdorf"]
[BlackTeam "SPG Sauwald 1"]

1.e4 e6 2.d4 d5 3.Nc3 Bb4 4.Qd3 dxe4 5.Qxe4 Nf6 6.Qh4 Bd7 7.Bd2 Bc6 8.f3 Nbd7
9.O-O-O Qe7 10.Qg3 O-O-O 11.Qxg7 Rhg8 12.Qh6 Nb6 13.Qh4 Nfd5 14.Qxe7 Nxe7 15.Ne4
Bxd2+ 16.Rxd2 Nf5 17.c3 Nh4 18.Rf2 Nd5 19.g3 Ng6 20.Bh3 h6 21.Ne2 b6 22.Re1 Kb7
23.a3 f5 24.Nd2 a5 25.Ng1 Rde8 26.Rfe2 Bd7 27.f4 c6 28.Nc4 Kc7 29.Ne5 Nxe5
30.Rxe5 Nf6 31.R5e3 Nd5 32.R3e2 Rb8 33.Nf3 Bc8 34.Ne5 Rg7 35.Bg2 Ba6 36.Rd2 Rbg8
37.Bf3 Bc8 38.Nxc6 Kxc6 39.c4 Kd6 40.cxd5 exd5 41.Re5 Rc7+ 42.Rc2 Rxc2+ 43.Kxc2
Be6 44.Be2 Rc8+ 45.Kd2 Rf8 46.Bd3 Bd7 47.Ke3 Be6 48.Kf3 Rf6 49.Bb5 Rf8 50.Re3
Rc8 51.Rc3 Ke7 52.Rxc8 Bxc8 53.Kg2 Be6 54.Kh3 Kf6 55.Kh4 Bf7 56.h3 Kg6 57.Bc6
Kf6 58.Bd7 Kg6 59.g4 fxg4 60.hxg4 Kf6 61.Bc8 Bg6 62.g5+ hxg5+ 63.fxg5+ Kf7
64.Kg4 Be4 65.Bf5 Bg2 66.Kf4 Kg7 67.Ke5 Bf3 68.Kd6 Be4 69.Be6 Kg6 70.Bxd5 Bd3
71.Kc7 b5 72.Bc6 b4 73.d5 Kxg5 74.d6 bxa3 75.bxa3 Bf5 76.d7 Bxd7 77.Bxd7 Kf6
78.Kb6 Ke7 79.Bg4 1-0

[Event "2. Bundesliga Mitte 2010/11"]
[Site "Gleisdorf"]
[Date "2010.10.17"]
[Round "2"]
[Board "1"]
[White "Kozul, Zdenko"]
[Black "Nemeth, Miklos"]
[Result "1-0"]
[WhiteElo "2604"]
[BlackElo "2454"]
[PlyCount "85"]
[EventDate "2010.10.16"]
[EventType "team"]
[EventRounds "11"]
[EventCountry "AUT"]
[WhiteTeam "ZH-Technologies-Wolfsberg"]
[BlackTeam "SV Steyregg"]

1.d4 Nf6 2.c4 e6 3.Nf3 b6 4.g3 Ba6 5.Qc2 Bb7 6.Bg2 c5 7.d5 exd5 8.cxd5 Nxd5
9.O-O Be7 10.Rd1 Nc6 11.Qf5 Nf6 12.e4 g6 13.Qf4 O-O 14.e5 Nh5 15.Qc4 Ng7 16.Nc3
Ne6 17.Be3 Rc8 18.Qa4 a6 19.Rd2 b5 20.Qd1 Nb8 21.a4 b4 22.Nd5 Bxd5 23.Rxd5 Rc7
24.Bf1 Qc8 25.Bc4 Nc6 26.Qd3 Ra7 27.b3 Rd8 28.Rd1 Bf8 29.h4 Na5 30.h5 Nxc4
31.Qxc4 Qc6 32.hxg6 hxg6 33.Ng5 Re8 34.Ne4 Bg7 35.f4 a5 36.Nd6 Re7 37.f5 Nc7
38.Bg5 Nxd5 39.Bxe7 Ne3 40.Qxf7+ Kh8 41.Qe8+ Kh7 42.Qxg6+ Kg8 43.Rd2 1-0

[Event "2. Bundesliga Mitte 2010/11"]
[Site "Gleisdorf"]
[Date "2010.10.17"]
[Round "2"]
[Board "2"]
[White "Gergacz, Attila"]
[Black "Jovanovic, Zoran"]
[Result "1/2-1/2"]
[WhiteElo "2425"]
[BlackElo "2520"]
[PlyCount "39"]
[EventDate "2010.10.16"]
[EventType "team"]
[EventRounds "11"]
[EventCountry "AUT"]
[WhiteTeam "SV Steyregg"]
[BlackTeam "ZH-Technologies-Wolfsberg"]

1.e4 c5 2.Nf3 d6 3.Bb5+ Nd7 4.c3 Ngf6 5.Qe2 a6 6.Ba4 Qc7 7.O-O c4 8.Bc2 e5 9.d3
cxd3 10.Bxd3 Be7 11.c4 Nc5 12.Nc3 b6 13.Bd2 Bg4 14.h3 Bh5 15.Rac1 O-O 16.Bb1 Ne6
17.Qd3 Nc5 18.Qe2 Ne6 19.Qd3 Nc5 20.Qe2 1/2-1/2

[Event "2. Bundesliga Mitte 2010/11"]
[Site "Gleisdorf"]
[Date "2010.10.17"]
[Round "2"]
[Board "3"]
[White "Steflitsch, Erich"]
[Black "Webersberger, Johann"]
[Result "1/2-1/2"]
[WhiteElo "2367"]
[BlackElo "2368"]
[PlyCount "62"]
[EventDate "2010.10.16"]
[EventType "team"]
[EventRounds "11"]
[EventCountry "AUT"]
[WhiteTeam "ZH-Technologies-Wolfsberg"]
[BlackTeam "SV Steyregg"]

1.d4 Nf6 2.c4 c5 3.d5 e6 4.Nc3 exd5 5.cxd5 d6 6.e4 g6 7.f4 Bg7 8.Bb5+ Nfd7 9.a4
Qh4+ 10.g3 Qe7 11.Nf3 Bxc3+ 12.bxc3 Qxe4+ 13.Kf2 O-O 14.Ng5 Qe7 15.Re1 Qd8
16.Ne6 fxe6 17.dxe6 Ne5 18.Rxe5 Qe7 19.Re1 Na6 20.Ra2 Nc7 21.Rd2 d5 22.Rxd5 Nxd5
23.Qxd5 a6 24.Bc4 b5 25.axb5 axb5 26.Qxa8 bxc4 27.Qc6 Bb7 28.Qb6 g5 29.Re5 gxf4
30.Kg1 f3 31.Kf2 Ra8 1/2-1/2

[Event "2. Bundesliga Mitte 2010/11"]
[Site "Gleisdorf"]
[Date "2010.10.17"]
[Round "2"]
[Board "4"]
[White "Enoeckl, Philipp"]
[Black "Wegerer, Fred"]
[Result "1-0"]
[WhiteElo "2285"]
[BlackElo "2218"]
[PlyCount "101"]
[EventDate "2010.10.16"]
[EventType "team"]
[EventRounds "11"]
[EventCountry "AUT"]
[WhiteTeam "SV Steyregg"]
[BlackTeam "ZH-Technologies-Wolfsberg"]

1.d4 Nf6 2.c4 e6 3.Nc3 Bb4 4.f3 d5 5.a3 Bxc3+ 6.bxc3 Nbd7 7.cxd5 exd5 8.e3 O-O
9.Bd3 c5 10.Ne2 b6 11.O-O Bb7 12.Ng3 Re8 13.Ra2 Rc8 14.Re2 Nf8 15.Bb2 Ne6 16.Qd2
Qc7 17.Ree1 Red8 18.Rf2 Ne8 19.Kh1 Nd6 20.e4 cxd4 21.cxd4 Nc4 22.Bxc4 Qxc4 23.e5
Ba6 24.Nf5 Rc7 25.Ra1 Qb3 26.Nd6 Rdd7 27.f4 h6 28.h3 Rc6 29.Rc1 Rxc1+ 30.Bxc1
Qd3 31.f5 Qxd2 32.Rxd2 Nf4 33.Bb2 Rc7 34.Kh2 Nd3 35.g4 Kf8 36.a4 Ke7 37.Ba3 Kd8
38.Nb5 Bxb5 39.axb5 Ne1 40.Rf2 Nc2 41.Bf8 f6 42.Bxg7 Nxd4 43.exf6 Nxb5 44.Rd2 d4
45.Bxh6 Ke8 46.Bf4 Rc5 47.Re2+ Kf7 48.Bg5 Rc7 49.Re5 Nc3 50.Re6 b5 51.Bf4 1-0

[Event "2. Bundesliga Mitte 2010/11"]
[Site "Gleisdorf"]
[Date "2010.10.17"]
[Round "2"]
[Board "5"]
[White "Waldmann, Gerald"]
[Black "Kubinger, Thomas"]
[Result "1/2-1/2"]
[WhiteElo "2212"]
[BlackElo "2227"]
[PlyCount "42"]
[EventDate "2010.10.16"]
[EventType "team"]
[EventRounds "11"]
[EventCountry "AUT"]
[WhiteTeam "ZH-Technologies-Wolfsberg"]
[BlackTeam "SV Steyregg"]

1.e4 d5 2.exd5 Qxd5 3.Nc3 Qd6 4.d4 Nf6 5.Nf3 a6 6.g3 b5 7.Bg2 Bb7 8.O-O e6 9.Re1
Be7 10.Qe2 Nbd7 11.Bf4 Qb6 12.a4 b4 13.a5 Qa7 14.Na4 O-O 15.c4 bxc3 16.bxc3 Bc6
17.Qc4 Bb5 18.Qa2 Bc6 19.Qc4 Bb5 20.Qa2 Bc6 21.Qc4 Bb5 1/2-1/2

[Event "2. Bundesliga Mitte 2010/11"]
[Site "Gleisdorf"]
[Date "2010.10.17"]
[Round "2"]
[Board "6"]
[White "Wiesinger, Robert"]
[Black "Toefferl, Heimo"]
[Result "1-0"]
[WhiteElo "2232"]
[BlackElo "2126"]
[PlyCount "107"]
[EventDate "2010.10.16"]
[EventType "team"]
[EventRounds "11"]
[EventCountry "AUT"]
[WhiteTeam "SV Steyregg"]
[BlackTeam "ZH-Technologies-Wolfsberg"]

1.e4 e6 2.d4 d5 3.Nc3 Bb4 4.e5 b6 5.a3 Bf8 6.Nf3 Ne7 7.b4 h6 8.Rb1 c6 9.Bd3 Ba6
10.b5 Bb7 11.bxc6 Nexc6 12.h4 Be7 13.h5 Nd7 14.Rh3 a6 15.Rg3 Qc7 16.Ne2 Bf8
17.Nd2 Na5 18.f4 O-O-O 19.f5 exf5 20.Bxf5 Kb8 21.Kf1 Ka7 22.Kg1 Nb8 23.Rc3 Nbc6
24.Bd3 Qd7 25.Qf1 f6 26.exf6 gxf6 27.Bf5 Qc7 28.Nf4 Qd6 29.Nf3 Nc4 30.Ng6 Ne7
31.Nxh8 Nxf5 32.Nf7 Qd7 33.Nxd8 Qxd8 34.Bf4 Bd6 35.Qc1 Qf8 36.Bxd6 Nfxd6 37.Qf4
Ne4 38.Rcb3 Qg7 39.Re1 Ncd6 40.Nh4 f5 41.Nxf5 Nxf5 42.Qxf5 Qxd4+ 43.Kh2 Qd2
44.Rf1 Qxc2 45.Rbf3 d4 46.Qh7 d3 47.Rf7 Nd6 48.Rxb7+ Nxb7 49.Rf7 Qc6 50.Qxd3 a5
51.Qf3 Qc8 52.Rh7 Qb8+ 53.Qg3 Qf8 54.Qc7 1-0

[Event "2. Bundesliga Mitte 2010/11"]
[Site "Gleisdorf"]
[Date "2010.10.17"]
[Round "2"]
[Board "1"]
[White "Lenic, Luka"]
[Black "Weiss, Christian"]
[Result "1-0"]
[WhiteElo "2603"]
[BlackElo "2417"]
[PlyCount "87"]
[EventDate "2010.10.16"]
[EventType "team"]
[EventRounds "11"]
[EventCountry "AUT"]
[WhiteTeam "SV Raika Rapid Feffernitz"]
[BlackTeam "Union Ansfelden"]

1.d4 Nf6 2.c4 g6 3.Nc3 Bg7 4.e4 d6 5.f3 O-O 6.Be3 e5 7.d5 Nh5 8.Qd2 Qh4+ 9.Bf2
Qe7 10.O-O-O f5 11.Be3 a5 12.Bd3 Na6 13.exf5 gxf5 14.Nge2 Nc5 15.Bc2 b6 16.Rde1
Qf7 17.h3 f4 18.Bxc5 bxc5 19.Ne4 h6 20.N2c3 Bf5 21.Rhg1 Qg6 22.Nb5 Rf7 23.Kb1
Bf6 24.a3 Bh4 25.Rc1 Kh8 26.Ka2 Rg7 27.Bd3 Bxe4 28.Bxe4 Qf6 29.Rc2 Ng3 30.Nc3
Rgg8 31.Qd3 Qg7 32.Bf5 Rgf8 33.Be6 Qh7 34.Qxh7+ Kxh7 35.Nb5 Bd8 36.Re1 Kg7
37.Kb3 Kf6 38.Ka4 Rh8 39.Rc3 Rh7 40.Rb3 Rg7 41.Nc3 c6 42.h4 Rga7 43.h5 Ra6
44.Rd1 1-0

[Event "2. Bundesliga Mitte 2010/11"]
[Site "Gleisdorf"]
[Date "2010.10.17"]
[Round "2"]
[Board "2"]
[White "Ennsberger, Ulrich"]
[Black "Sebenik, Matej"]
[Result "1-0"]
[WhiteElo "2365"]
[BlackElo "2516"]
[PlyCount "97"]
[EventDate "2010.10.16"]
[EventType "team"]
[EventRounds "11"]
[EventCountry "AUT"]
[WhiteTeam "Union Ansfelden"]
[BlackTeam "SV Raika Rapid Feffernitz"]

1.e4 e6 2.Nf3 d5 3.e5 c5 4.b4 d4 5.b5 b6 6.Bd3 Bb7 7.Qe2 Ne7 8.O-O Nd7 9.Be4 Nd5
10.c4 Nf4 11.Qe1 Qc7 12.d3 Ng6 13.Qe2 Be7 14.Re1 a6 15.bxa6 Rxa6 16.Na3 Bc6
17.Nb5 Qb7 18.Bxc6 Qxc6 19.a3 O-O 20.Ra2 Bd8 21.Qd1 Bc7 22.Rae2 Raa8 23.h4 Rae8
24.Nxc7 Qxc7 25.h5 Ne7 26.h6 g6 27.Nh2 b5 28.cxb5 Nd5 29.Bd2 c4 30.dxc4 Qxc4
31.Bb4 Nxb4 32.axb4 f6 33.Nf3 fxe5 34.Nxe5 Nxe5 35.Rxe5 d3 36.R1e4 Qa2 37.Qxd3
Rxf2 38.Qg3 Rd2 39.Rg5 Qb1+ 40.Re1 Qc2 41.b6 Rd1 42.Rxd1 Qxd1+ 43.Kh2 Qd7 44.Rc5
Qd2 45.Rg5 Re7 46.Qb8+ Kf7 47.Rg3 g5 48.Rf3+ Kg6 49.Qe5 1-0

[Event "2. Bundesliga Mitte 2010/11"]
[Site "Gleisdorf"]
[Date "2010.10.17"]
[Round "2"]
[Board "3"]
[White "Diermair, Andreas"]
[Black "Knoll, Hermann"]
[Result "1-0"]
[WhiteElo "2354"]
[BlackElo "2382"]
[PlyCount "61"]
[EventDate "2010.10.16"]
[EventType "team"]
[EventRounds "11"]
[EventCountry "AUT"]
[WhiteTeam "SV Raika Rapid Feffernitz"]
[BlackTeam "Union Ansfelden"]

1.d4 Nf6 2.c4 e6 3.g3 c5 4.Nf3 cxd4 5.Nxd4 Nc6 6.Bg2 Qb6 7.Nc2 h5 8.Nc3 h4 9.Be3
Qa5 10.a3 Ng4 11.Bf4 hxg3 12.Bxg3 a6 13.b4 Qd8 14.c5 f5 15.Na4 g5 16.e3 Bg7
17.h3 Nge5 18.Nb6 Ra7 19.Bxc6 Nxc6 20.Bd6 Kf7 21.Nd4 Rh4 22.Nf3 Rh6 23.Rg1 Rg6
24.Rc1 Bf6 25.Qd3 Qh8 26.e4 fxe4 27.Qxe4 Bb2 28.Nxg5+ Rxg5 29.Rxg5 Qh6 30.h4 Nd4
31.Rc4 1-0

[Event "2. Bundesliga Mitte 2010/11"]
[Site "Gleisdorf"]
[Date "2010.10.17"]
[Round "2"]
[Board "4"]
[White "Felsberger, Alfred"]
[Black "Perhinig, Robert"]
[Result "1/2-1/2"]
[WhiteElo "2370"]
[BlackElo "2262"]
[PlyCount "63"]
[EventDate "2010.10.16"]
[EventType "team"]
[EventRounds "11"]
[EventCountry "AUT"]
[WhiteTeam "Union Ansfelden"]
[BlackTeam "SV Raika Rapid Feffernitz"]

1.e4 e6 2.d4 d5 3.Nc3 Bb4 4.e5 c5 5.a3 Bxc3+ 6.bxc3 Ne7 7.a4 Nbc6 8.Nf3 Qa5
9.Bd2 Bd7 10.Bb5 O-O-O 11.O-O f6 12.Re1 Qc7 13.Bc1 fxe5 14.Bxc6 Nxc6 15.Nxe5
Nxe5 16.Bf4 Qa5 17.Bxe5 Qxc3 18.a5 Qc4 19.c3 Rhf8 20.Bxg7 Rf5 21.Be5 Rg8 22.Qd2
Rg6 23.Re3 Rfg5 24.Bg3 Rf5 25.Bd6 Rfg5 26.g3 Rf5 27.f4 h5 28.h3 Bb5 29.Kh2 Kd7
30.Bxc5 h4 31.Bxa7 hxg3+ 32.Rxg3 {and draw at move 60!} 1/2-1/2

[Event "2. Bundesliga Mitte 2010/11"]
[Site "Gleisdorf"]
[Date "2010.10.17"]
[Round "2"]
[Board "5"]
[White "Arztmann, Wolfgang"]
[Black "Moser, Guenter"]
[Result "1/2-1/2"]
[WhiteElo "2164"]
[BlackElo "2355"]
[PlyCount "76"]
[EventDate "2010.10.16"]
[EventType "team"]
[EventRounds "11"]
[EventCountry "AUT"]
[WhiteTeam "SV Raika Rapid Feffernitz"]
[BlackTeam "Union Ansfelden"]

1.e4 c6 2.d3 g6 3.g3 Bg7 4.Bg2 d5 5.Nd2 dxe4 6.dxe4 Nf6 7.Ngf3 O-O 8.O-O Qc7
9.Re1 Rd8 10.Qe2 e5 11.a4 b6 12.b3 h6 13.Bb2 Ne8 14.Nc4 Nd7 15.Rad1 Ba6 16.Bh3
Bxc4 17.Qxc4 Nc5 18.Qe2 a5 19.Nd2 Nd6 20.f4 Qe7 21.Bg2 Rac8 22.Rf1 exf4 23.Bxg7
Kxg7 24.gxf4 b5 25.Qe3 Ne8 26.Qc3+ Kg8 27.f5 b4 28.Qe3 g5 29.e5 f6 30.Nc4 fxe5
31.Rxd8 Rxd8 32.Bxc6 Nf6 33.Qxe5 Qxe5 34.Nxe5 Rd2 35.Rf2 Rd1+ 36.Rf1 Rd2 37.Rf2
Rd1+ 38.Rf1 Rd2 1/2-1/2